Normal view
MARC view
- Howe D H
Entry Personal Name
001 - CONTROL NUMBER
- control field: 14722
003 - CONTROL NUMBER IDENTIFIER
- control field: OSt
005 - DATE AND TIME OF LATEST TRANSACTION
- control field: 20251124165858.0
008 - FIXED-LENGTH DATA ELEMENTS
- fixed length control field: 251124|| aca||aabn | a|a d
040 ## - CATALOGING SOURCE
- Original cataloging agency: OSt
- Transcribing agency: OSt
100 ## - HEADING--PERSONAL NAME
- Personal name: Howe D H
670 ## - SOURCE DATA FOUND
- Source citation: Work cat.: (OSt)5834: Bugembe J B B author 14716, Oxford Primary English 1, c1988